| 000 | 006840000a22002410004500 | ||
|---|---|---|---|
| 005 | 20120302052740.0 | ||
| 942 | _cBOOK | ||
| 100 | _a Ghai, U.R. | ||
| 245 | _a International politics: Theory and practice | ||
| 250 | _a 4th | ||
| 260 |
_aJalondhar: _bNew Academic, _c1991 |
||
| 300 | _ax,387p | ||
| 040 | _aENG | ||
| 365 | _bRs.90.00 | ||
| 650 | _aPolitics | ||
| 650 | _aInternational Politics-Theory-Practice | ||
| 650 | _aStages-Evolution-International Politics | ||
| 650 | _aWorld War-Politics-International | ||
| 650 | _aInternational Relations-Realist theory-Politics | ||
| 650 | _aBalance-Power | ||
| 650 | _aMorality-Neo Colonialism | ||
| 650 | _aForeign Policy | ||
| 999 |
_c340971 _d340968 |
||